000 00715nam a22002297a 4500
005 20250822170003.0
008 250822b |||||||| |||| 00| 0 eng d
020 _a978-81-19541-34-8 (hbk)
037 _cTB
040 _aCRL
_cCRL
041 _2eng
_aeng
_htam
084 _aO31,1NRAx R4
_qCRL
100 _aRamasamy, Seenu
_9815454
245 _aMasiveethiyin kalsanthukal
260 _aChennai, India:
_bDiscovery Publications,
_c2024.
300 _a256p.
365 _b500.00
_cINR
650 _aTamil Literature
650 _aTamil Poetry
942 _2CC
_cTB
_hO31,1NRAx R4
_n0
999 _c1434851
_d1434851